NHL Hockey Teams - 30 Second Super Sprint - Statistics

General Stats
  • This quiz has been taken 12 times
  • The average score is 8 of 32
Answer Stats
NHL Teams % Correct
Toronto Maple Leafs
83%
New York Rangers
67%
Boston Bruins
50%
New York Islanders
50%
Ottawa Senators
50%
San Jose Sharks
50%
Vancouver Canucks
50%
Buffalo Sabres
33%
Detroit Red Wings
33%
Edmonton Oilers
33%
Montreal Canadiens
33%
Pittsburgh Penguins
33%
St. Louis Blues
33%
Tampa Bay Lightning
33%
Anaheim Ducks
17%
Calgary Flames
17%
Carolina Hurricanes
17%
Chicago Blackhawks
17%
Colorado Avalanche
17%
Dallas Stars
17%
Florida Panthers
17%
Los Angeles Kings
17%
New Jersey Devils
17%
Utah Mammoth
17%
Vegas Golden Knights
17%
Washington Capitals
17%
Columbus Blue Jackets
0%
Minnesota Wild
0%
Nashville Predators
0%
Philadelphia Flyers
0%
Seattle Kraken
0%
Winnipeg Jets
0%
No matching quizzes found
Score Distribution
Percent of People with Each Score
Percentile by Number Answered
Your Score History
You have not taken this quiz